000 00728nam a2200253Ia 4500
003 OSt
005 20250830122125.0
008 210210b2010 xxu||||| |||| 00| 0 eng d
020 _a9788190977272
040 _cAL
041 _aKannada
082 _a915.404K VIVP
100 _aViveka Rai B A Ed
_9142744
110 _aವಿವೇಕ ರೈ ಬಿ ಎ Ed
_9238008
245 _aPravasi kanda Vijayanagara
_b: ಪ್ರವಾಸಿ ಕಂಡ ವಿಜಯನಗರ
260 _aHampi
_bPrasaranga Kannada Vishvavidyalaya
_c2010
300 _axviii,305
650 _aVijayanagara
_9142745
650 _aPravasi
_9142746
650 _akanda
_9142747
690 _aTravel
_9142748
906 _a065352
942 _2ddc
_cBK
999 _c142568
_d142568